000
00301nam a2200145Ia 4500
100
_a
Hanna/Phil
942
_c
BK
654
_a
JSP 2.0
245
_a
The Complete Reference JSP 2.0
260
_b
Tata Mc Graw hill
_c
2003
082
_a
5.72
_b
HAN
300
_a
852
546
_a
ENGLISH
999
_c
27000
_d
27000